000 00436nam a22001817a 4500
003 MPLRDC
005 20220104142929.0
008 210129b ||||| |||| 00| 0 eng d
082 _a420 QSZ
100 _a邱素臻译
245 _a身边整理术
_c
250 _a初版
260 _a
_b大众书局
_c1975
300 _b
490 _a现代青年修养丛书. 21
650 _a家事;家政总论
942 _cBK
_o420 QSZ
999 _c35001
_d34991